El axioma del desarrollo sustentable = The axiom of sustainable development /
El presente trabajo pretende exhibir el ascenso y definición del desarrollo sustentable. De esta manera, hace referencia al trazo del desarrollo y la construcción y configuración histórica entre el medio ambiente y el desarrollo, y así, señala los eventos ambientales que promovieron el consenso sobr...
সংরক্ষণ করুন:
| প্রধান লেখক: | |
|---|---|
| বিন্যাস: | পাঠ্য |
| বিষয়গুলি: | |
| ট্যাগগুলো: |
ট্যাগ যুক্ত করুন
কোনো ট্যাগ নেই, প্রথমজন হিসাবে ট্যাগ করুন!
|
MARC
| LEADER | 00000 a a2200000 04500 | ||
|---|---|---|---|
| 001 | 45134 | ||
| 003 | |||
| 040 | |||
| 100 | |a Cantú Martínez, Pedro César | ||
| 245 | |a El axioma del desarrollo sustentable = |b The axiom of sustainable development / |c Pedro César Cantú Martínez | ||
| 500 | |a cantup@hotmail.com | ||
| 520 | |a El presente trabajo pretende exhibir el ascenso y definición del desarrollo sustentable. De esta manera, hace referencia al trazo del desarrollo y la construcción y configuración histórica entre el medio ambiente y el desarrollo, y así, señala los eventos ambientales que promovieron el consenso sobre desarrollo sustentable; por último, enfatiza en su concepto y detalla los tipos de sustentabilidad existentes. | ||
| 590 | |a AMB/AGOSTO2014 | ||
| 650 | |a A)DESARROLLO | ||
| 650 | |a B)DESARROLLO SOSTENIBLE | ||
| 650 | |a C)MEDIO AMBIENTE | ||
| 650 | |a D)SOCIEDAD | ||
| 650 | |a E)COSTA RICA | ||
| 773 | |g número137 ( , 2012), páginas 83-91 | ||
| 999 | |c 26789 |d 26789 | ||
| 773 | 0 | |0 18728 |9 3013 |a Universidad de Costa Rica |d San José, Costa Rica Editorial UCR 1956- |o 15200 |t Revista de Ciencias Sociales/ |x 04825276 | |
